| 000 | 00530nam a2200157 4500 | ||
|---|---|---|---|
| 001 | 112242 | ||
| 003 | ES-MaACL | ||
| 007 | t| | ||
| 008 | 061121s1946 sp r ||||1| spa d | ||
| 100 | 1 |
_aOrtega Cantoni, Luis. _987444 |
|
| 245 | 1 | 0 |
_aOposiciones de auxiliares administrativos del Ministerio de Educación Nacional _b: trabajos prácticos de carácter administrativo / _cLuis Ortega Cantoni. |
| 250 | _a2ª. ed. | ||
| 260 |
_aMadrid : _bEscelicer, _c1946. |
||
| 300 |
_a95 p. ; _c22 cm. |
||
| 852 |
_aES-MaACL _jE-1861 _bR.21722 |
||
| 999 |
_c112242 _d112242 |
||